Премия «Ника» за лучшую режиссёрскую работу - Statistics

General Stats
  • This quiz has been taken 33 times
    3 since last reset
  • The average score is 20 of 36
Answer Stats
Год Фильм Победитель % Correct
1989 «История Аси Клячиной» Андрей Кончаловский
100%
1993 «Урга — территория любви» Никита Михалков
100%
1996 «Особенности национальной охоты» Александр Рогожкин
100%
1997 «Кавказский пленник» Сергей Бодров-ст.
100%
1999 «Про уродов и людей» / «Разбойники. Глава VII» Алексей Балабанов / Отар Иоселиани
100%
2002 «Телец» Александр Сокуров
100%
2003 «Кукушка» Александр Рогожкин
100%
2007 «Остров» Павел Лунгин
100%
2008 «Монгол» Сергей Бодров-ст.
100%
2013 «Фауст» Александр Сокуров
100%
2017 «Рай» Андрей Кончаловский
100%
2021 «Дорогие товарищи!» Андрей Кончаловский
100%
1988 «Покаяние» Тенгиз Абуладзе
50%
1990 «Ашик-Кериб» Давид Абашидзе / Сергей Параджанов
50%
1991 «Так жить нельзя» Станислав Говорухин
50%
1992 «Небеса обетованные» Эльдар Рязанов
50%
1998 «Вор» Павел Чухрай
50%
2000 «Хрусталёв, машину!» Алексей Герман-ст.
50%
2006 «Garpastum» Алексей Герман-мл.
50%
2009 «Бумажный солдат» Алексей Герман мл.
50%
2011 «Как я провёл этим летом» Алексей Попогребский
50%
2012 «Елена» Андрей Звягинцев
50%
2015 «Трудно быть богом» Алексей Герман-ст.
50%
2016 «Конец прекрасной эпохи» Станислав Говорухин
50%
2018 «Аритмия» Борис Хлебников
50%
2019 «Лето» Кирилл Серебренников
50%
2020 «Француз» Андрей Смирнов
50%
1994 «Макаров» Владимир Хотиненко
0%
1995 «Увлеченья» Кира Муратова
0%
2001 «Лунный папа» Бахтиёр Худойназаров
0%
2004 «Магнитные бури» Вадим Абдрашитов
0%
2005 «Настройщик» Кира Муратова
0%
2010 «Полторы комнаты, или Сентиментальное путешествие на родину» Андрей Хржановский
0%
2014 «Географ глобус пропил» Александр Велединский
0%
2024 «Праведник» Сергей Урсуляк
0%
2025 «Снег в моём дворе» Бакур Бакурадзе
0%
No matching quizzes found
Score Distribution
Percent of People with Each Score
Percentile by Number Answered
Your Score History
You have not taken this quiz since the last reset